Aranymetszés a színpadon magyar költők és Shakespeare verseit zenésíti meg és énekli a dunaszerdahelyi duó

Bibliographic Details
Main Author: Bartalos, Éva (Author)
Format: Article
Language:Hungarian
PhysicalDescription:Fotogr.
ISSN:1335-7050
Subjects:

MARC

LEADER 00000nab a2200000 a 4500
001 vtls011549968
003 SK-MaSNL
005 20260318140509.0
008 160504c20160504xo d| | 000 0|2hun
015 |a SNBRB2016/05 
038 |a DSZK 
040 |a DSZK  |b slo  |c DSZK  |e AACR2 
041 0 |a hun 
044 |a xo  |c SK 
080 |a 785.72  |x (437.6)  |2 2011 
080 |a 82‑192  |2 2011 
100 1 |a Bartalos, Éva  |4 aut  |9 1086614 
245 1 0 |a Aranymetszés a színpadon  |b magyar költők és Shakespeare verseit zenésíti meg és énekli a dunaszerdahelyi duó  |c Bartalos Éva 
300 |b Fotogr. 
600 1 7 |a Hodosy, Marianna  |2 dszk  |9 1101602 
600 1 7 |a Gálffy, József  |2 dszk  |9 875869 
610 2 7 |a Aranymetszés (hudobné duo)  |2 dszk  |9 1086370 
650 0 7 |a Zhudobnené verše  |2 SNKPH  |9 1033734 
651 7 |a Dunajská Streda (Slovensko)  |2 SNKPH  |9 17375 
773 0 |t Új szó  |g Évf. 69, sz. 103 (2016.5.4), o. 10  |x 1335-7050 
852 |a DSZK  |b KIS3GCP 
958 |a HU 
958 |a SK 
999 |c 1834021  |d 1835951